01109nam a22003377a 4500001001000000003000900010005001700019007000300036008003400039040005400073041002000127072000800147090001800155100002200173100001600195100002000211100002200231100001900253110008800272245005400360260004200414300001000456500004400466650002100510650001300531650001700544909003600561942000700597999001700604952015000621BR8005773BR-BrBNA20230928090750.0ta230509b bl.||||| |||| 00| 0 por d aBR-BrBNAbporcBiblioteca Nacional de Agricultura a(Eng, Spa, Por) aF50  F50 BR80057731 aValente, M. da C.1 aCosta, C.G.1 aCosta, E. de L.1 aBaumgratz, J.F.A.1 aFerreira, G.L.1 aJardim Botanico do Rio de Janeiro, RJ (Brasil). Secao de Botanica Sistematica966381 aBibliografia botanica. 3. Anatomia vegetalbAnexo3 aRio de Janeiro, RJ (Brasil): c1980.  a36 p. aReprint of: "Rodriguesia" v. 32(52)1980 aANATOMIA VEGETAL aBOTANICA aBIBLIOGRAFIA a202309bLuciac55dLucia Elande cBK c30419d30419 002AGRIS40708AGROBASEa41918b41918l0o F50 BR8005773pF50 BR8005773r2023-09-25t01yBK10d2023-09-25ePortaria Interministerial nÂș 164/94